唯一的区,唯一的市,唯一的县 - Statistics

General Stats
  • This quiz has been taken 23 times
  • The average score is 100 of 201
Answer Stats
省级 地级 属别 县级 % Correct
安徽 合肥 唯一的市 巢湖
82%
云南 文山州 唯一的市 文山
82%
云南 西双版纳州 唯一的市 景洪
82%
云南 大理州 唯一的市 大理
82%
云南 迪庆州 唯一的市 香格里拉
82%
湖南 长沙 唯一的县 长沙
82%
浙江 杭州 唯一的市 建德
76%
湖南 湘西州 唯一的市 吉首
76%
云南 怒江州 唯一的市 泸水
76%
甘肃 临夏州 唯一的市 临夏
76%
江苏 常州 唯一的市 溧阳
71%
福建 福州 唯一的市 福清
71%
广西 南宁 唯一的市 横州
71%
广西 崇左 唯一的市 凭祥
71%
四川 甘孜州 唯一的市 康定
71%
云南 曲靖 唯一的市 宣威
71%
甘肃 甘南州 唯一的市 合作
71%
新疆 巴音郭楞州 唯一的市 库尔勒
71%
新疆 克孜勒苏州 唯一的市 阿图什
71%
新疆 喀什地区 唯一的市 喀什
71%
新疆 和田地区 唯一的市 和田
71%
新疆 阿勒泰地区 唯一的市 阿勒泰
71%
江苏 南通 唯一的县 如东
71%
江苏 扬州 唯一的县 宝应
71%
江苏 盐城 唯一的市 东台
65%
浙江 衢州 唯一的市 江山
65%
安徽 芜湖 唯一的市 无为
65%
江西 鹰潭 唯一的市 贵溪
65%
山东 枣庄 唯一的市 滕州
65%
湖北 十堰 唯一的市 丹江口
65%
湖南 益阳 唯一的市 沅江
65%
湖南 永州 唯一的市 祁阳
65%
广东 汕尾 唯一的市 陆丰
65%
广东 揭阳 唯一的市 普宁
65%
四川 遂宁 唯一的市 射洪
65%
四川 乐山 唯一的市 峨眉山
65%
四川 达州 唯一的市 万源
65%
四川 阿坝州 唯一的市 马尔康
65%
四川 凉山州 唯一的市 西昌
65%
贵州 黔东南州 唯一的市 凯里
65%
云南 昆明 唯一的市 安宁
65%
云南 玉溪 唯一的市 澄江
65%
云南 保山 唯一的市 腾冲
65%
云南 德宏州 唯一的市 瑞丽
65%
陕西 榆林 唯一的市 神木
65%
青海 玉树州 唯一的市 玉树
65%
宁夏 银川 唯一的市 灵武
65%
宁夏 吴忠 唯一的市 青铜峡
65%
山西 晋城 唯一的区 城区
59%
广东 汕尾 唯一的区 城区
59%
云南 丽江 唯一的区 古城区
59%
云南 普洱 唯一的区 思茅区
59%
山西 太原 唯一的市 古交
59%
安徽 阜阳 唯一的市 界首
59%
山东 聊城 唯一的市 临清
59%
河南 安阳 唯一的市 林州
59%
湖北 黄石 唯一的市 大冶
59%
湖北 咸宁 唯一的市 赤壁
59%
湖南 郴州 唯一的市 资兴
59%
广东 云浮 唯一的市 罗定
59%
广西 贵港 唯一的市 桂平
59%
四川 绵阳 唯一的市 江油
59%
四川 南充 唯一的市 阆中
59%
贵州 六盘水 唯一的市 盘州
59%
云南 昭通 唯一的市 水富
59%
陕西 延安 唯一的市 子长
59%
青海 黄南州 唯一的市 同仁
59%
辽宁 大连 唯一的县 长海
59%
湖南 湘潭 唯一的县 湘潭
59%
新疆 乌鲁木齐 唯一的县 乌鲁木齐
59%
湖北 孝感 唯一的区 孝南区
53%
云南 昭通 唯一的区 昭阳区
53%
甘肃 金昌 唯一的区 金川区
53%
甘肃 武威 唯一的区 凉州区
53%
甘肃 张掖 唯一的区 甘州区
53%
新疆 哈密 唯一的区 伊州区
53%
河北 邯郸 唯一的市 武安
53%
浙江 丽水 唯一的市 龙泉
53%
福建 龙岩 唯一的市 漳平
53%
江西 景德镇 唯一的市 乐平
53%
江西 吉安 唯一的市 井冈山
53%
湖北 随州 唯一的市 广水
53%
湖南 株洲 唯一的市 醴陵
53%
湖南 常德 唯一的市 津市
53%
广东 阳江 唯一的市 阳春
53%
广西 来宾 唯一的市 合山
53%
四川 广安 唯一的市 华蓥
53%
浙江 绍兴 唯一的县 新昌
53%
江西 新余 唯一的县 分宜
53%
广东 潮州 唯一的县 饶平
53%
广西 北海 唯一的县 合浦
53%
山西 忻州 唯一的区 忻府区
47%
内蒙古 通辽 唯一的区 科尔沁区
47%
安徽 宣城 唯一的区 宣州区
47%
福建 宁德 唯一的区 蕉城区
47%
江西 新余 唯一的区 渝水区
47%
江西 宜春 唯一的区 袁州区
47%
湖北 黄冈 唯一的区 黄州区
47%
湖北 咸宁 唯一的区 咸安区
47%
湖南 娄底 唯一的区 娄星区
47%
广东 河源 唯一的区 源城区
47%
云南 临沧 唯一的区 临翔区
47%
甘肃 酒泉 唯一的区 肃州区
47%
宁夏 中卫 唯一的区 沙坡头区
47%
新疆 吐鲁番 唯一的区 高昌区
47%
山西 朔州 唯一的市 怀仁
47%
内蒙古 通辽 唯一的市 霍林郭勒
47%
辽宁 沈阳 唯一的市 新民
47%
辽宁 鞍山 唯一的市 海城
47%
辽宁 辽阳 唯一的市 灯塔
47%
河南 南阳 唯一的市 邓州
47%
广东 肇庆 唯一的市 四会
47%
广西 梧州 唯一的市 岑溪
47%
广西 防城港 唯一的市 东兴
47%
贵州 毕节 唯一的市 黔西
47%
西藏 林芝 唯一的市 米林
47%
西藏 山南 唯一的市 错那
47%
甘肃 平凉 唯一的市 华亭
47%
江西 景德镇 唯一的县 浮梁
47%
河南 郑州 唯一的县 中牟
47%
湖北 随州 唯一的县 随县
47%
广东 汕头 唯一的县 南澳
47%
甘肃 金昌 唯一的县 永昌
47%
山西 吕梁 唯一的区 离石区
41%
内蒙古 巴彦淖尔 唯一的区 临河区
41%
内蒙古 乌兰察布 唯一的区 集宁区
41%
吉林 白城 唯一的区 洮北区
41%
黑龙江 黑河 唯一的区 爱辉区
41%
湖北 随州 唯一的区 曾都区
41%
湖南 怀化 唯一的区 鹤城区
41%
贵州 毕节 唯一的区 七星关区
41%
云南 保山 唯一的区 隆阳区
41%
陕西 商洛 唯一的区 商州区
41%
甘肃 平凉 唯一的区 崆峒区
41%
甘肃 庆阳 唯一的区 西峰区
41%
甘肃 陇南 唯一的区 武都区
41%
河北 衡水 唯一的市 深州
41%
山西 晋城 唯一的市 高平
41%
山西 晋中 唯一的市 介休
41%
内蒙古 乌兰察布 唯一的市 丰镇
41%
辽宁 葫芦岛 唯一的市 兴城
41%
吉林 白山 唯一的市 临江
41%
黑龙江 齐齐哈尔 唯一的市 讷河
41%
黑龙江 伊春 唯一的市 铁力
41%
山东 滨州 唯一的市 邹平
41%
河南 商丘 唯一的市 永城
41%
河南 周口 唯一的市 项城
41%
广东 梅州 唯一的市 兴宁
41%
广西 玉林 唯一的市 北流
41%
四川 内江 唯一的市 隆昌
41%
贵州 贵阳 唯一的市 清镇
41%
陕西 安康 唯一的市 旬阳
41%
辽宁 丹东 唯一的县 宽甸
41%
辽宁 辽阳 唯一的县 辽阳
41%
吉林 长春 唯一的县 农安
41%
安徽 铜陵 唯一的县 枞阳
41%
福建 莆田 唯一的县 仙游
41%
广东 阳江 唯一的县 阳西
41%
宁夏 石嘴山 唯一的县 平罗
41%
山西 运城 唯一的区 盐湖区
35%
浙江 丽水 唯一的区 莲都区
35%
安徽 亳州 唯一的区 谯城区
35%
河南 驻马店 唯一的区 驿城区
35%
广西 崇左 唯一的区 江州区
35%
西藏 日喀则 唯一的区 桑珠孜区
35%
甘肃 定西 唯一的区 安定区
35%
宁夏 固原 唯一的区 原州区
35%
河北 承德 唯一的市 平泉
35%
吉林 四平 唯一的市 双辽
35%
福建 三明 唯一的市 永安
35%
江西 上饶 唯一的市 德兴
35%
湖南 怀化 唯一的市 洪江
35%
广西 桂林 唯一的市 荔浦
35%
辽宁 盘锦 唯一的县 盘山
35%
广西 防城港 唯一的县 上思
35%
山西 临汾 唯一的区 尧都区
29%
安徽 宿州 唯一的区 埇桥区
29%
安徽 池州 唯一的区 贵池区
29%
广西 来宾 唯一的区 兴宾区
29%
四川 资阳 唯一的区 雁江区
29%
西藏 昌都 唯一的区 卡若区
29%
西藏 林芝 唯一的区 巴宜区
29%
陕西 安康 唯一的区 汉滨区
29%
山西 忻州 唯一的市 原平
29%
黑龙江 鸡西 唯一的县 鸡东
29%
黑龙江 牡丹江 唯一的县 林口
29%
湖北 黄石 唯一的县 阳新
29%
湖北 荆门 唯一的县 沙洋
29%
四川 德阳 唯一的县 中江
29%
黑龙江 绥化 唯一的区 北林区
24%
河南 濮阳 唯一的区 华龙区
24%
西藏 山南 唯一的区 乃东区
24%
西藏 那曲 唯一的区 色尼区
24%
吉林 松原 唯一的市 扶余
24%
黑龙江 七台河 唯一的县 勃利
24%
安徽 芜湖 唯一的县 南陵
24%
安徽 淮北 唯一的县 濉溪
24%
广西 贵港 唯一的县 平南
24%
陕西 铜川 唯一的县 宜君
24%
吉林 松原 唯一的区 宁江区
18%
吉林 吉林 唯一的县 永吉
18%
No matching quizzes found
Score Distribution
Percent of People with Each Score
Percentile by Number Answered
Your Score History
You have not taken this quiz